MARC

LEADER 00000nas a2200000 a 4500
001 ssj0000825
003 WaSeSS
005 20200512172242.0
006 m d
007 cr n
008 751019c19109999ncutr p s 0 a0eng
010 |a  12020478   |z sn 78004284  
016 |a (AMICUS)000001335547 
016 7 |a 2231427-1  |2 DE-600 
016 7 |a 009228050  |2 Uk 
016 7 |a 002385338  |2 IsJJNL 
022 |l 0035-8118  |y 0035-8118 
032 |a 470220  |b USPS 
035 |a (WaSeSS)ssj0000825 
040 |a MUL  |b eng  |c MUL  |d COO  |d NSD  |d IUL  |d DLC  |d AIP  |d NSD  |d AIP  |d DLC  |d NSD  |d HUL  |d NST  |d OCL  |d HUL  |d SYS  |d OCLCQ  |d NLGGC  |d LVB  |d AMAZN  |d OCLCQ  |d UKMGB  |d CWS  |d OCLCA  |d OCLCQ  |d OCLCA  |d OCLCF  |d OCLCO  |d OCLCA  |d OCL  |d OCLCO  |d CDS  |d QE2  |d XFH  |d OCLCQ  |d NLC  |d CSJ  |d OCLCQ  |d GILDS  |d OCLCO  |d DCHUA  |d HUELT  |d CBA  |d OCLCO  |d TYC  |d OCLCO  |d HTM  |d U3G  |d AUD  |d GDC  |d OCLCO  |d DLC  |d OCLCO  |d OCLCQ  |d DLC  |d IUL  |d J9U  |d AUW  |d LUN  |d WaSeSS 
042 |a nsdp  |a pcc 
050 0 0 |a PC1  |b .R7 
082 0 4 |a 840/.09  |2 19 
210 0 |a Rom. rev. 
222 0 |a Romanic review 
245 0 0 |a Romanic review  |h [electronic resource]. 
260 |a New York :  |b Columbia University Press,  |c 1910- 
260 2 |3 1938- :  |a New York, N.Y. :  |b Dept. of Romance Languages, Columbia University 
260 2 |3 <Mar. 1984-> :  |a New York, NY :  |b Dept. of French and Romance Philology of Columbia University 
260 3 |3 2020- :  |a Durham, North Carolina : Duke University Press,  |c 2020- 
310 |a Three times a year,  |b 2020- 
321 |a Four no. a year 
362 1 |a Began with v. 1 (Jan. 1910). 
506 |a License restrictions may limit access. 
550 |a Issued by the Dept. of Romance Languages, Columbia University, 1938- ; by the Dept. of French and Romance Philology, Columbia University, <Mar. 1984-> 
650 0 |a Romance philology  |v Periodicals. 
650 0 |a Romance-language literature  |v Periodicals. 
650 6 |a Littérature romane  |v Périodiques. 
650 6 |a Philologie romane  |v Périodiques. 
650 7 |a Romance-language literature.  |2 fast  |0 (OCoLC)fst01099871 
650 7 |a Romance philology.  |2 fast  |0 (OCoLC)fst01099881 
650 1 7 |a Romaanse talen.  |2 gtt 
655 0 |a Electronic journals. 
700 1 |a Todd, Henry Alfred,  |d 1854-1925. 
710 2 |a Columbia University.  |b Department of French and Romance Philology. 
710 2 |a Columbia University.  |b Department of Romance Languages. 
850 |a CaMWUC  |a DLC  |a MH-Hi 
853 0 3 |8 1  |a v.  |b no.  |i (year)  |j (month) 
853 2 0 |8 2  |a v.  |b no.  |u 2  |v r  |i (year)  |j (month/month)  |w 4  |x 01/03  |y cm 01/03, 05/11 
856 4 0 |z Full text available from Research Library: 01/01/1996 to present  |u https://search.proquest.com/publication/41429 
863 4 0 |8 1  |a <1>-  |i <1910>-  |x provisional 
863 4 1 |8 2.1  |a <104>  |b <1/2>  |i <2013>  |j <01/03>